<?xml version="1.0" encoding="UTF-8"?>
<record
    xmlns:xsi="http://www.w3.org/2001/XMLSchema-instance"
    xsi:schemaLocation="http://www.loc.gov/MARC21/slim http://www.loc.gov/standards/marcxml/schema/MARC21slim.xsd"
    xmlns="http://www.loc.gov/MARC21/slim">

  <leader>01371cam a2200361 a 4500</leader>
  <datafield tag="999" ind1=" " ind2=" ">
    <subfield code="c">331092</subfield>
    <subfield code="d">331092</subfield>
  </datafield>
  <controlfield tag="001">15580170</controlfield>
  <controlfield tag="003">NUST</controlfield>
  <controlfield tag="005">20170911132305.0</controlfield>
  <controlfield tag="008">090109s2007    pk       b    000 0 urdo </controlfield>
  <datafield tag="010" ind1=" " ind2=" ">
    <subfield code="a">  2008327726</subfield>
  </datafield>
  <datafield tag="020" ind1=" " ind2=" ">
    <subfield code="a">9789695032831</subfield>
  </datafield>
  <datafield tag="020" ind1=" " ind2=" ">
    <subfield code="a">9695035299</subfield>
  </datafield>
  <datafield tag="020" ind1=" " ind2=" ">
    <subfield code="a">9695035299</subfield>
  </datafield>
  <datafield tag="025" ind1=" " ind2=" ">
    <subfield code="a">P-U-2008327726 ; 20</subfield>
  </datafield>
  <datafield tag="040" ind1=" " ind2=" ">
    <subfield code="a">DLC</subfield>
    <subfield code="c">DLC</subfield>
  </datafield>
  <datafield tag="042" ind1=" " ind2=" ">
    <subfield code="a">lcode</subfield>
  </datafield>
  <datafield tag="043" ind1=" " ind2=" ">
    <subfield code="a">a-pk---</subfield>
  </datafield>
  <datafield tag="050" ind1="0" ind2="0">
    <subfield code="a">DS392.M85</subfield>
    <subfield code="b">P37 2007</subfield>
  </datafield>
  <datafield tag="082" ind1=" " ind2=" ">
    <subfield code="a">954.9145</subfield>
    <subfield code="b">PER</subfield>
  </datafield>
  <datafield tag="100" ind1="1" ind2=" ">
    <subfield code="a">Parvez, Sajj&#x101;d &#x1E24;aidar,</subfield>
    <subfield code="d">1961-</subfield>
    <subfield code="9">4536</subfield>
  </datafield>
  <datafield tag="245" ind1="1" ind2="0">
    <subfield code="a">Mult&#x101;n&#x12B; :</subfield>
    <subfield code="b">Mult&#x101;n k&#x12B; t&#x101;r&#x12B;k&#x332;h&#x332;, tahz&#x12B;b va s&#x332;aq&#x101;fat /</subfield>
    <subfield code="c">Sajj&#x101;d &#x1E24;aidar Parvez ; mud&#x12B;r Sajj&#x101;d &#x1E24;aidar.</subfield>
  </datafield>
  <datafield tag="246" ind1="1" ind2="4">
    <subfield code="a">Mult&#x101;n k&#x12B; t&#x101;r&#x12B;k&#x332;h&#x332;, tahz&#x12B;b va s&#x332;aq&#x101;fat</subfield>
  </datafield>
  <datafield tag="260" ind1=" " ind2=" ">
    <subfield code="a">L&#x101;hore :</subfield>
    <subfield code="b">al-Fai&#x1E63;al ;</subfield>
    <subfield code="a">Isl&#x101;m&#x101;b&#x101;d :</subfield>
    <subfield code="b">Lok Virs&#x332;ah,</subfield>
    <subfield code="c">2007.</subfield>
  </datafield>
  <datafield tag="300" ind1=" " ind2=" ">
    <subfield code="a">282 p. ;</subfield>
    <subfield code="c">22 cm.</subfield>
  </datafield>
  <datafield tag="504" ind1=" " ind2=" ">
    <subfield code="a">Includes bibliographical references (p. 280-282).</subfield>
  </datafield>
  <datafield tag="520" ind1=" " ind2=" ">
    <subfield code="a">Historical and cultural study of Mult&#x101;n, Pakistan from ancient times to 19th century.</subfield>
  </datafield>
  <datafield tag="546" ind1=" " ind2=" ">
    <subfield code="a">In Urdu.</subfield>
  </datafield>
  <datafield tag="651" ind1=" " ind2="0">
    <subfield code="a">Mult&#x101;n District (Pakistan)</subfield>
    <subfield code="x">History.</subfield>
    <subfield code="9">4537</subfield>
  </datafield>
  <datafield tag="651" ind1=" " ind2="0">
    <subfield code="a">Mult&#x101;n District (Pakistan)</subfield>
    <subfield code="x">Social life and customs.</subfield>
    <subfield code="9">4538</subfield>
  </datafield>
  <datafield tag="700" ind1="1" ind2=" ">
    <subfield code="a">&#x1E24;aidar, Sajj&#x101;d,</subfield>
    <subfield code="d">1919-</subfield>
    <subfield code="9">4539</subfield>
  </datafield>
  <datafield tag="710" ind1="2" ind2=" ">
    <subfield code="a">National Institute of Folk and Traditional Heritage.</subfield>
    <subfield code="9">4540</subfield>
  </datafield>
  <datafield tag="880" ind1=" " ind2=" ">
    <subfield code="6">100-01\(3\r</subfield>
    <subfield code="a">&#x633;&#x62C;&#x627;&#x62F; &#x62D;&#x6CC;&#x62F;&#x631; &#x67E;&#x631;&#x648;&#x6CC;&#x632;</subfield>
  </datafield>
  <datafield tag="880" ind1=" " ind2=" ">
    <subfield code="6">245-02\(3\r</subfield>
    <subfield code="a">&#x645;&#x644;&#x62A;&#x627;&#x646;&#x6CC;:</subfield>
    <subfield code="b">&#x645;&#x644;&#x62A;&#x627;&#x646; &#x6A9;&#x6CC; &#x62A;&#x627;&#x631;&#x6CC;&#x62E;&#x60C; &#x62A;&#x6C1;&#x632;&#x6CC;&#x628; &#x648; &#x62B;&#x642;&#x627;&#x641;&#x62A;</subfield>
  </datafield>
  <datafield tag="880" ind1=" " ind2=" ">
    <subfield code="6">260-03\(3\r</subfield>
    <subfield code="a">&#x644;&#x627;&#x6C1;&#x648;&#x631;:</subfield>
    <subfield code="b">&#x627;&#x644;&#x641;&#x6CC;&#x635;&#x644; &#x646;&#x627;&#x634;&#x631;&#x627;&#x646;&#x60C;</subfield>
    <subfield code="c">2007</subfield>
  </datafield>
  <datafield tag="906" ind1=" " ind2=" ">
    <subfield code="a">7</subfield>
    <subfield code="b">cbc</subfield>
    <subfield code="c">origode</subfield>
    <subfield code="d">3</subfield>
    <subfield code="e">ncip</subfield>
    <subfield code="f">20</subfield>
    <subfield code="g">y-gencatlg</subfield>
  </datafield>
  <datafield tag="942" ind1=" " ind2=" ">
    <subfield code="2">ddc</subfield>
    <subfield code="c">BK</subfield>
  </datafield>
  <datafield tag="952" ind1=" " ind2=" ">
    <subfield code="0">0</subfield>
    <subfield code="1">0</subfield>
    <subfield code="2">ddc</subfield>
    <subfield code="4">0</subfield>
    <subfield code="7">0</subfield>
    <subfield code="8">NFIC</subfield>
    <subfield code="a">CL</subfield>
    <subfield code="b">CL</subfield>
    <subfield code="c">CART</subfield>
    <subfield code="d">2017-09-11</subfield>
    <subfield code="l">1</subfield>
    <subfield code="o">954.9145 PER</subfield>
    <subfield code="p">CL2822</subfield>
    <subfield code="r">2022-07-06</subfield>
    <subfield code="s">2022-06-16</subfield>
    <subfield code="t">1</subfield>
    <subfield code="w">2017-09-11</subfield>
    <subfield code="y">BK</subfield>
  </datafield>
</record>
